[Event "11th LCC Super Blitz 2019"]
[Site "London"]
[Date "2019.12.08"]
[Round "8.2"]
[White "Pert, Nicholas"]
[Black "Van Zyl-Rudd, Jack"]
[Result "1-0"]
[WhiteElo "2560"]
[BlackElo "2290"]
[Annotator "ChessBase"]
[PlyCount "133"]
[EventDate "2019.12.08"]
[EventType "swiss"]
[EventCountry "ENG"]
[SourceTitle "playchess.com"]
[Source "ChessBase"]
[SourceQuality "1"]
[TimeControl "180+2"]

1. d4 {[%emt 0:00:00]} d5 {[%emt 0:00:00]} 2. c4 {[%emt 0:00:02]} e6 {[%emt 0:00:02]} 3. Nf3 {[%emt 0:00:02]} Nf6 {[%emt 0:00:02]} 4. Nc3 {[%emt 0:00:02]} c5 {[%emt 0:00:02]} 5. cxd5 {[%emt 0:00:02]} Nxd5 {[%emt 0:00:02]} 6. e4 {[%emt 0:00:02]} Nxc3 7. bxc3 {[%emt 0:00:02]} cxd4 {[%emt 0:00:04]} 8. cxd4 {[%emt 0:00:02]} Bb4+ {[%emt 0:00:02]} 9. Bd2 {[%emt 0:00:02]} Bxd2+ {[%emt 0:00:02]} 10. Qxd2 {[%emt 0:00:02]} O-O {[%emt 0:00:02]} 11. Bc4 {[%emt 0:00:02]} Nd7 {[%emt 0:00:02]} 12. O-O {[%emt 0:00:02]} b6 {[%emt 0:00:03]} 13. Rfe1 {[%emt 0:00:03]} Bb7 {[%emt 0:00:01]} 14. Rad1 {[%emt 0:00:04]} Rc8 {[%emt 0:00:01]} 15. Bb3 {[%emt 0:00:01]} Re8 {[%emt 0:00:01]} 16. h3 {[%emt 0:00:03]} Nf6 {[%emt 0:00:03]} 17. Qf4 {[%emt 0:00:16]} Nh5 {[%emt 0:00:01]} 18. Qh2 {[%emt 0:00:09]} h6 {[%emt 0:00:02]} 19. Ne5 {[%emt 0:00:09]} b5 {[%emt 0:01:01]} 20. d5 {[%emt 0:00:20]} exd5 {[%emt 0:00:03]} 21. exd5 {[%emt 0:00:01]} Qd6 {[%emt 0:00:09]} 22. Ng4 {[%emt 0:00:16]} Qxh2+ 23. Kxh2 {[%emt 0:00:01]} Rxe1 {[%emt 0:00:34]} 24. Rxe1 {[%emt 0:00:01]} Rd8 {[%emt 0:00:01]} 25. Rd1 {[%emt 0:00:16]} Rd6 {[%emt 0:00:25]} 26. Ne3 {[%emt 0:00:02]} g6 {[%emt 0:00:01]} 27. a4 {[%emt 0:00:02]} bxa4 {[%emt 0:00:04]} 28. Bxa4 {[%emt 0:00:01]} Nf6 {[%emt 0:00:01]} 29. Bb3 {[%emt 0:00:04]} a5 {[%emt 0:00:03]} 30. Ra1 {[%emt 0:00:03]} Ra6 {[%emt 0:00:24]} 31. Bc4 {[%emt 0:00:07]} Ra7 {[%emt 0:00:06]} 32. d6 {[%emt 0:00:06]} Bc6 {[%emt 0:00:03]} 33. Rb1 {[%emt 0:00:10]} Bd7 {[%emt 0:00:17]} 34. Nc2 {[%emt 0:00:34]} a4 {[%emt 0:00:03]} 35. Na3 {[%emt 0:00:01]} Ne4 {[%emt 0:00:04]} 36. Rb6 {[%emt 0:00:01]} Kg7 {[%emt 0:00:06]} 37. f3 {[%emt 0:00:12]} Nc5 {[%emt 0:00:01]} 38. Kg3 {[%emt 0:00:07]} Kf6 {[%emt 0:00:01]} 39. Kf4 {[%emt 0:00:01]} g5+ {[%emt 0:00:01]} 40. Ke3 {[%emt 0:00:01]} Ke5 {[%emt 0:00:01]} 41. g3 {[%emt 0:00:12]} Be6 {[%emt 0:00:12]} 42. f4+ {[%emt 0:00:00]} gxf4+ {[%emt 0:00:01]} 43. gxf4+ {[%emt 0:00:00]} Kf5 {[%emt 0:00:01]} 44. Be2 {[%emt 0:00:00]} Rd7 {[%emt 0:00:05]} 45. Bb5 {[%emt 0:00:05]} Ra7 {[%emt 0:00:02]} 46. Rc6 {[%emt 0:00:03]} Nd7 {[%emt 0:00:04]} 47. Rc7 {[%emt 0:00:02]} Rxc7 {[%emt 0:00:01]} 48. dxc7 {[%emt 0:00:01]} Nb6 {[%emt 0:00:01]} 49. Bd3+ {[%emt 0:00:08]} Kf6 {[%emt 0:00:01]} 50. Kd4 {[%emt 0:00:01]} Ke7 {[%emt 0:00:01]} 51. Kc5 {[%emt 0:00:01]} Nc8 {[%emt 0:00:04]} 52. Bb5 {[%emt 0:00:02]} Nd6 {[%emt 0:00:02]} 53. Bxa4 {[%emt 0:00:01]} Ne4+ {[%emt 0:00:02]} 54. Kb6 {[%emt 0:00:01]} Nd6 {[%emt 0:00:01]} 55. Nb5 {[%emt 0:00:02]} Nc8+ {[%emt 0:00:04]} 56. Kb7 {[%emt 0:00:05]} Bxh3 {[%emt 0:00:03]} 57. Na7 {[%emt 0:00:09]} Nxa7 {[%emt 0:00:02]} 58. Kxa7 {[%emt 0:00:02]} Bc8 {[%emt 0:00:02]} 59. Kb8 {[%emt 0:00:01]} Be6 {[%emt 0:00:03]} 60. Bb3 {[%emt 0:00:06]} Bd7 {[%emt 0:00:04]} 61. Ba4 {[%emt 0:00:06]} Be6 {[%emt 0:00:02]} 62. c8=Q {[%emt 0:00:05]} Bxc8 {[%emt 0:00:00]} 63. Kxc8 {[%emt 0:00:01]} h5 {[%emt 0:00:00]} 64. Kc7 {[%emt 0:00:01]} h4 {[%emt 0:00:01]} 65. Bd7 {[%emt 0:00:01]} Kf6 {[%emt 0:00:04]} 66. Kd6 {[%emt 0:00:01]} Kg6 {[%emt 0:00:03]} 67. Bh3 {[%emt 0:00:02]} 1-0

[Event "11th LCC Super Blitz 2019"]
[Site "London"]
[Date "2019.12.08"]
[Round "8.2"]
[White "Beinoras, Mindaugas"]
[Black "Grover, Sahaj"]
[Result "0-1"]
[WhiteElo "2401"]
[BlackElo "2486"]
[Annotator "ChessBase"]
[PlyCount "50"]
[EventDate "2019.12.08"]
[EventType "swiss"]
[EventCountry "ENG"]
[SourceTitle "playchess.com"]
[Source "ChessBase"]
[SourceQuality "1"]
[TimeControl "180+2"]

1. d4 {[%emt 0:00:00]} Nf6 {[%emt 0:00:00]} 2. Bg5 {[%emt 0:00:00]} Ne4 {[%emt 0:00:03]} 3. Bh4 {[%emt 0:00:01]} d5 {[%emt 0:00:03]} 4. f3 {[%emt 0:00:02]} Nf6 {[%emt 0:00:02]} 5. Nc3 {[%emt 0:00:09]} c5 {[%emt 0:00:06]} 6. e4 {[%emt 0:00:17]} dxe4 {[%emt 0:00:01]} 7. d5 {[%emt 0:00:00]} Qb6 {[%emt 0:00:29]} 8. Bb5+ {[%emt 0:00:16]} Bd7 {[%emt 0:00:08]} 9. a4 {[%emt 0:00:03]} a6 {[%emt 0:00:26]} 10. a5 {[%emt 0:00:01]} Qc7 {[%emt 0:00:01]} 11. Bc4 {[%emt 0:00:18]} e6 {[%emt 0:00:32]} 12. dxe6 {[%emt 0:00:10]} Bxe6 {[%emt 0:00:03]} 13. Bxe6 {[%emt 0:00:06]} fxe6 {[%emt 0:00:01]} 14. fxe4 {[%emt 0:00:03]} Nbd7 {[%emt 0:00:09]} 15. Nf3 {[%emt 0:00:06]} O-O-O {[%emt 0:00:09]} 16. Qe2 {[%emt 0:00:10]} Bd6 {[%emt 0:00:17]} 17. Ng5 {[%emt 0:00:15]} Nf8 {[%emt 0:00:14]} 18. Nf3 {[%emt 0:00:11]} Ng6 {[%emt 0:00:02]} 19. Bg5 {[%emt 0:00:08]} h6 {[%emt 0:00:07]} 20. Be3 {[%emt 0:00:25]} Ne5 {[%emt 0:00:10]} 21. Nd2 {[%emt 0:00:25]} Nfg4 {[%emt 0:00:03]} 22. Bf4 {[%emt 0:00:05]} Rhf8 {[%emt 0:00:06]} 23. Bxe5 {[%emt 0:00:03]} Nxe5 {[%emt 0:00:03]} 24. Nc4 {[%emt 0:00:13]} Nxc4 {[%emt 0:00:01]} 25. Qxc4 {[%emt 0:00:01]} Bg3+ {[%emt 0:00:01]} 0-1

[Event "11th LCC Super Blitz 2019"]
[Site "London"]
[Date "2019.12.08"]
[Round "8.2"]
[White "Stepanyan, Henrik"]
[Black "Bukojemski, Adam"]
[Result "1-0"]
[WhiteElo "2193"]
[BlackElo "2219"]
[Annotator "NA"]
[PlyCount "97"]
[EventDate "2019.12.08"]
[EventType "swiss"]
[EventCountry "ENG"]
[SourceTitle "playchess.com"]
[Source "ChessBase"]
[SourceQuality "1"]
[TimeControl "180+2"]

1. d4 {[%emt 0:00:00]} Nf6 {[%emt 0:00:01]} 2. c4 {[%emt 0:00:02]} g6 {[%emt 0:00:01]} 3. Nc3 d5 4. cxd5 {[%emt 0:00:02]} Nxd5 {[%emt 0:00:00]} 5. Bd2 Bg7 {[%emt 0:00:03]} 6. e4 {[%emt 0:00:00]} Nb6 {[%emt 0:00:02]} 7. Be3 {[%emt 0:00:05]} O-O {[%emt 0:00:02]} 8. Be2 {[%emt 0:00:11]} Nc6 {[%emt 0:00:07]} 9. Nf3 {[%emt 0:00:02]} Bg4 {[%emt 0:00:02]} 10. d5 {[%emt 0:00:01]} Bxf3 {[%emt 0:00:07]} 11. gxf3 {[%emt 0:00:19]} Ne5 {[%emt 0:00:04]} 12. Bd4 {[%emt 0:00:24]} c6 {[%emt 0:00:24]} 13. f4 {[%emt 0:00:08]} Ned7 {[%emt 0:00:01]} 14. Bxg7 {[%emt 0:00:02]} Kxg7 {[%emt 0:00:00]} 15. dxc6 {[%emt 0:00:02]} bxc6 16. Qd4+ {[%emt 0:00:07]} Nf6 {[%emt 0:00:02]} 17. O-O-O {[%emt 0:00:05]} Qc7 {[%emt 0:00:12]} 18. e5 Nfd5 {[%emt 0:00:01]} 19. Nxd5 {[%emt 0:00:01]} Nxd5 {[%emt 0:00:09]} 20. Kb1 {[%emt 0:00:07]} Qb6 {[%emt 0:00:05]} 21. h4 {[%emt 0:00:11]} Rab8 {[%emt 0:00:12]} 22. Qxb6 {[%emt 0:00:17]} Rxb6 {[%emt 0:00:03]} 23. Rd2 {[%emt 0:00:13]} Nxf4 {[%emt 0:00:02]} 24. Bf3 {[%emt 0:00:04]} h5 {[%emt 0:00:20]} 25. Rc1 {[%emt 0:00:06]} Rc8 {[%emt 0:00:03]} 26. Rd7 {[%emt 0:00:17]} e6 27. Rd6 {[%emt 0:00:17]} c5 {[%emt 0:00:05]} 28. Rd7 {[%emt 0:00:05]} c4 {[%emt 0:00:04]} 29. Rd4 {[%emt 0:00:06]} c3 {[%emt 0:00:02]} 30. Rxf4 {[%emt 0:00:10]} Rxb2+ {[%emt 0:00:03]} 31. Ka1 {[%emt 0:00:01]} Rxf2 {[%emt 0:00:02]} 32. Bb7 {[%emt 0:00:16]} Rxf4 {[%emt 0:00:10]} 33. Bxc8 Rc4 {[%emt 0:00:21]} 34. Ba6 {[%emt 0:00:04]} Rc6 35. Bd3 {[%emt 0:00:04]} f5 {[%emt 0:00:13]} 36. exf6+ {[%emt 0:00:02]} Kxf6 37. Kb1 g5 {[%emt 0:00:04]} 38. Rf1+ {[%emt 0:00:01]} Ke5 {[%emt 0:00:04]} 39. hxg5 {[%emt 0:00:02]} Kd4 {[%emt 0:00:00]} 40. Kc2 Rb6 {[%emt 0:00:01]} 41. Rf4+ {[%emt 0:00:02]} Ke3 42. Re4+ {[%emt 0:00:01]} Kf3 {[%emt 0:00:01]} 43. Rh4 {[%emt 0:00:06]} e5 {[%emt 0:00:07]} 44. g6 {[%emt 0:00:12]} Rb8 {[%emt 0:00:08]} 45. Rxh5 {[%emt 0:00:04]} e4 46. Rf5+ {[%emt 0:00:00]} Ke3 {[%emt 0:00:07]} 47. Re5 {[%emt 0:00:01]} Rb2+ {[%emt 0:00:08]} 48. Kxc3 {[%emt 0:00:01]} Rxa2 {[%emt 0:00:01]} 49. Rxe4+ {[%emt 0:00:06]} 1-0

[Event "11th LCC Super Blitz 2019"]
[Site "London"]
[Date "2019.12.08"]
[Round "8.3"]
[White "Aravindh, Chithambaram Vr"]
[Black "Roberson, Peter T"]
[Result "1-0"]
[WhiteElo "2560"]
[BlackElo "2282"]
[Annotator "ChessBase"]
[PlyCount "63"]
[EventDate "2019.12.08"]
[EventType "swiss"]
[EventCountry "ENG"]
[SourceTitle "playchess.com"]
[Source "ChessBase"]
[SourceQuality "1"]
[TimeControl "180+2"]

1. d4 {[%emt 0:00:00]} Nf6 {[%emt 0:00:00]} 2. c4 {[%emt 0:00:01]} e6 {[%emt 0:00:00]} 3. Nf3 {[%emt 0:00:01]} c5 {[%emt 0:00:00]} 4. d5 {[%emt 0:00:03]} d6 {[%emt 0:00:01]} 5. Nc3 {[%emt 0:00:01]} exd5 {[%emt 0:00:01]} 6. cxd5 {[%emt 0:00:02]} g6 {[%emt 0:00:01]} 7. g3 {[%emt 0:00:01]} Bg7 {[%emt 0:00:00]} 8. Bg2 {[%emt 0:00:02]} O-O {[%emt 0:00:02]} 9. O-O {[%emt 0:00:01]} Nbd7 {[%emt 0:00:01]} 10. Nd2 {[%emt 0:00:03]} Ng4 {[%emt 0:00:02]} 11. Nc4 {[%emt 0:00:02]} Nde5 {[%emt 0:00:05]} 12. Nxe5 {[%emt 0:00:02]} Nxe5 {[%emt 0:00:01]} 13. Bf4 {[%emt 0:00:10]} a6 {[%emt 0:00:09]} 14. a4 {[%emt 0:00:01]} Rb8 15. Qc1 {[%emt 0:00:24]} b5 {[%emt 0:00:08]} 16. axb5 {[%emt 0:00:02]} axb5 {[%emt 0:00:01]} 17. Bh6 {[%emt 0:00:02]} b4 {[%emt 0:00:18]} 18. Nd1 {[%emt 0:00:18]} Bd7 {[%emt 0:00:15]} 19. Bxg7 {[%emt 0:00:00]} Kxg7 {[%emt 0:00:01]} 20. f4 {[%emt 0:00:00]} Ng4 {[%emt 0:00:02]} 21. h3 {[%emt 0:00:01]} Nf6 {[%emt 0:00:03]} 22. e4 {[%emt 0:00:01]} Re8 {[%emt 0:00:18]} 23. Nf2 {[%emt 0:00:02]} Bb5 {[%emt 0:00:08]} 24. Re1 {[%emt 0:00:02]} c4 {[%emt 0:00:06]} 25. Qd2 {[%emt 0:00:10]} Nh5 {[%emt 0:00:50]} 26. Qxb4 {[%emt 0:00:18]} Qf6 {[%emt 0:00:01]} 27. Qd2 {[%emt 0:00:01]} Nxg3 {[%emt 0:00:12]} 28. Ng4 {[%emt 0:00:11]} Qh4 29. Qd4+ {[%emt 0:00:07]} f6 {[%emt 0:00:15]} 30. Ra7+ {[%emt 0:00:00]} Kh8 {[%emt 0:00:18]} 31. Qxf6+ {[%emt 0:00:04]} Qxf6 {[%emt 0:00:02]} 32. Nxf6 {[%emt 0:00:02]} 1-0

[Event "11th LCC Super Blitz 2019"]
[Site "London"]
[Date "2019.12.08"]
[Round "8.3"]
[White "Maze, Sebastien"]
[Black "Rowson, Jonathan"]
[Result "1/2-1/2"]
[WhiteElo "2549"]
[BlackElo "2561"]
[Annotator "ChessBase"]
[PlyCount "142"]
[EventDate "2019.12.08"]
[EventType "swiss"]
[EventCountry "ENG"]
[SourceTitle "playchess.com"]
[Source "ChessBase"]
[SourceQuality "1"]
[TimeControl "180+2"]

1. Nf3 {[%emt 0:02:39]} d5 {[%emt 0:00:02]} 2. e3 {[%emt 0:00:02]} Nf6 {[%emt 0:00:02]} 3. c4 c6 {[%emt 0:00:01]} 4. Nc3 {[%emt 0:00:03]} a6 {[%emt 0:00:10]} 5. d4 {[%emt 0:00:01]} b5 {[%emt 0:00:02]} 6. c5 {[%emt 0:00:07]} Bg4 {[%emt 0:00:04]} 7. h3 {[%emt 0:00:08]} Bxf3 {[%emt 0:00:01]} 8. gxf3 {[%emt 0:00:05]} g6 {[%emt 0:00:14]} 9. f4 {[%emt 0:00:01]} a5 {[%emt 0:00:03]} 10. Nxb5 {[%emt 0:00:21]} cxb5 {[%emt 0:00:15]} 11. Bxb5+ Nbd7 {[%emt 0:00:17]} 12. c6 {[%emt 0:00:01]} Bg7 {[%emt 0:00:02]} 13. cxd7+ {[%emt 0:00:02]} Nxd7 {[%emt 0:00:06]} 14. Bc6 {[%emt 0:00:23]} Rb8 {[%emt 0:00:24]} 15. Bxd5 {[%emt 0:00:02]} O-O {[%emt 0:00:01]} 16. O-O {[%emt 0:00:01]} a4 {[%emt 0:00:14]} 17. Bg2 {[%emt 0:00:04]} Nb6 {[%emt 0:00:08]} 18. Bd2 {[%emt 0:00:04]} Nc4 {[%emt 0:00:04]} 19. Bc3 Qd7 {[%emt 0:00:11]} 20. b3 {[%emt 0:00:12]} Nd6 {[%emt 0:00:11]} 21. bxa4 {[%emt 0:00:04]} Rfc8 {[%emt 0:00:03]} 22. Bd2 {[%emt 0:00:09]} Nf5 {[%emt 0:00:02]} 23. Rb1 {[%emt 0:00:26]} Nh4 {[%emt 0:00:07]} 24. Rxb8 {[%emt 0:00:19]} Rxb8 25. Qg4 {[%emt 0:00:01]} Nf5 {[%emt 0:00:10]} 26. Rc1 {[%emt 0:00:21]} Qxa4 {[%emt 0:00:10]} 27. Qd1 {[%emt 0:00:12]} Qxa2 {[%emt 0:00:05]} 28. Ra1 {[%emt 0:00:04]} Qb2 {[%emt 0:00:04]} 29. Ra8 {[%emt 0:00:06]} Rxa8 {[%emt 0:00:05]} 30. Bxa8 {[%emt 0:00:02]} e6 {[%emt 0:00:04]} 31. Qc1 {[%emt 0:00:08]} Qb8 {[%emt 0:00:12]} 32. Be4 {[%emt 0:00:13]} Nd6 {[%emt 0:00:01]} 33. Bf3 {[%emt 0:00:05]} Bf8 {[%emt 0:00:02]} 34. Bc3 {[%emt 0:00:07]} Nf5 {[%emt 0:00:03]} 35. d5 {[%emt 0:00:04]} Nh4 {[%emt 0:00:06]} 36. Bh1 {[%emt 0:00:03]} exd5 {[%emt 0:00:07]} 37. Bf6 {[%emt 0:00:02]} Nf5 {[%emt 0:00:05]} 38. Bxd5 {[%emt 0:00:05]} Qd6 39. Qc6 Qxc6 {[%emt 0:00:08]} 40. Bxc6 {[%emt 0:00:01]} Be7 41. Bc3 {[%emt 0:00:01]} Kf8 {[%emt 0:00:02]} 42. Bd5 {[%emt 0:00:03]} Bd6 {[%emt 0:00:01]} 43. Kf1 Ne7 44. Bb3 {[%emt 0:00:02]} Nc6 {[%emt 0:00:01]} 45. Ke2 Ke7 {[%emt 0:00:02]} 46. Kf3 {[%emt 0:00:03]} Bb4 {[%emt 0:00:02]} 47. Bb2 Na5 {[%emt 0:00:02]} 48. Bd5 {[%emt 0:00:01]} f5 {[%emt 0:00:03]} 49. Bg8 {[%emt 0:00:02]} h6 {[%emt 0:00:02]} 50. Bd5 Kd6 {[%emt 0:00:06]} 51. Bf7 g5 52. Be5+ {[%emt 0:00:03]} Ke7 53. Bd5 {[%emt 0:00:01]} Bd6 {[%emt 0:00:02]} 54. Ke2 {[%emt 0:00:02]} gxf4 {[%emt 0:00:02]} 55. exf4 {[%emt 0:00:01]} Bc5 {[%emt 0:00:06]} 56. f3 {[%emt 0:00:01]} Bb6 {[%emt 0:00:03]} 57. Kd3 Kd7 58. Bd4 {[%emt 0:00:03]} Bxd4 {[%emt 0:00:03]} 59. Kxd4 Kd6 60. h4 {[%emt 0:00:02]} h5 61. Bf7 Nc6+ 62. Ke3 {[%emt 0:00:01]} Ke7 {[%emt 0:00:04]} 63. Bxh5 {[%emt 0:00:01]} Nd8 {[%emt 0:00:03]} 64. Bg6 {[%emt 0:00:01]} Kf6 65. Be8 Ne6 {[%emt 0:00:01]} 66. Bd7 {[%emt 0:00:01]} Ng7 67. Bc8 {[%emt 0:00:01]} Nh5 68. Bd7 {[%emt 0:00:01]} Ng7 69. Bb5 {[%emt 0:00:01]} Nh5 {[%emt 0:00:01]} 70. Bd3 {[%emt 0:00:03]} Ng7 {[%emt 0:00:02]} 71. Bc4 {[%emt 0:00:11]} Nh5 {[%emt 0:00:02]} 1/2-1/2

[Event "11th LCC Super Blitz 2019"]
[Site "London"]
[Date "2019.12.08"]
[Round "8.3"]
[White "Klingher, Dominic"]
[Black "Arkell, Keith C"]
[Result "1-0"]
[WhiteElo "2071"]
[BlackElo "2453"]
[Annotator "ChessBase"]
[PlyCount "67"]
[EventDate "2019.12.08"]
[EventType "swiss"]
[EventCountry "ENG"]
[SourceTitle "playchess.com"]
[Source "ChessBase"]
[SourceQuality "1"]
[TimeControl "180+2"]

1. e4 {[%emt 0:00:00]} d5 {[%emt 0:00:01]} 2. Nc3 {[%emt 0:00:00]} dxe4 {[%emt 0:00:01]} 3. Nxe4 {[%emt 0:00:03]} Nf6 {[%emt 0:00:01]} 4. Qe2 {[%emt 0:00:12]} Nxe4 {[%emt 0:00:01]} 5. Qxe4 {[%emt 0:00:01]} c6 {[%emt 0:00:06]} 6. Bc4 {[%emt 0:00:05]} Nd7 {[%emt 0:00:05]} 7. Nf3 {[%emt 0:00:07]} Nf6 {[%emt 0:00:13]} 8. Qe2 {[%emt 0:00:03]} e6 {[%emt 0:00:20]} 9. d4 {[%emt 0:00:02]} Be7 {[%emt 0:00:02]} 10. Bg5 {[%emt 0:00:08]} Qa5+ {[%emt 0:00:01]} 11. c3 {[%emt 0:00:09]} O-O {[%emt 0:00:05]} 12. O-O {[%emt 0:00:23]} Qc7 {[%emt 0:00:04]} 13. Ne5 {[%emt 0:00:04]} b6 {[%emt 0:00:01]} 14. Rae1 {[%emt 0:00:08]} c5 {[%emt 0:00:02]} 15. Bd3 {[%emt 0:00:16]} Bb7 {[%emt 0:00:09]} 16. dxc5 {[%emt 0:00:24]} Qxc5 {[%emt 0:00:07]} 17. Bxf6 {[%emt 0:00:13]} Bxf6 {[%emt 0:00:03]} 18. Nd7 {[%emt 0:00:07]} Qc6 {[%emt 0:00:01]} 19. Nxf6+ {[%emt 0:00:21]} gxf6 {[%emt 0:00:01]} 20. Qg4+ {[%emt 0:00:18]} Kh8 {[%emt 0:00:01]} 21. Be4 {[%emt 0:00:04]} Qc7 {[%emt 0:00:51]} 22. Qh4 {[%emt 0:00:03]} f5 {[%emt 0:00:28]} 23. Qf6+ {[%emt 0:00:02]} Kg8 {[%emt 0:00:00]} 24. Bxb7 {[%emt 0:00:08]} Qxb7 {[%emt 0:00:01]} 25. Re3 {[%emt 0:00:01]} f4 {[%emt 0:00:01]} 26. Re5 {[%emt 0:00:03]} h6 {[%emt 0:00:02]} 27. Rh5 {[%emt 0:00:15]} Qe4 {[%emt 0:00:30]} 28. Qxh6 {[%emt 0:00:01]} f6 {[%emt 0:00:05]} 29. Qh8+ {[%emt 0:00:02]} Kf7 {[%emt 0:00:01]} 30. Rh7+ {[%emt 0:00:03]} Ke8 31. Qg7 {[%emt 0:00:03]} Qxh7 {[%emt 0:00:04]} 32. Qxh7 {[%emt 0:00:01]} Rd8 {[%emt 0:00:03]} 33. Re1 {[%emt 0:00:03]} Rf7 {[%emt 0:00:01]} 34. Rxe6+ {[%emt 0:00:02]} 1-0

[Event "11th LCC Super Blitz 2019"]
[Site "London"]
[Date "2019.12.08"]
[Round "8.4"]
[White "Orlovska, Madara"]
[Black "Wallace, John Paul"]
[Result "0-1"]
[WhiteElo "2072"]
[BlackElo "2344"]
[Annotator "NA"]
[PlyCount "64"]
[EventDate "2019.12.08"]
[EventType "swiss"]
[EventCountry "ENG"]
[SourceTitle "playchess.com"]
[Source "ChessBase"]
[SourceQuality "1"]
[TimeControl "180+2"]

1. d4 {[%emt 0:00:00]} Nf6 {[%emt 0:00:00]} 2. Nc3 {[%emt 0:00:02]} d6 {[%emt 0:00:00]} 3. e4 {[%emt 0:00:01]} Nbd7 {[%emt 0:00:02]} 4. Be3 {[%emt 0:00:03]} e5 {[%emt 0:00:02]} 5. d5 {[%emt 0:00:02]} g6 {[%emt 0:00:03]} 6. f3 {[%emt 0:00:04]} Bg7 {[%emt 0:00:03]} 7. Qd2 {[%emt 0:00:01]} a6 {[%emt 0:00:03]} 8. g4 {[%emt 0:00:03]} h5 {[%emt 0:00:04]} 9. gxh5 {[%emt 0:00:06]} Nxh5 {[%emt 0:00:01]} 10. Nce2 {[%emt 0:00:14]} Qh4+ {[%emt 0:00:13]} 11. Bf2 {[%emt 0:00:01]} Qf6 {[%emt 0:00:02]} 12. h4 {[%emt 0:00:13]} Bh6 {[%emt 0:00:02]} 13. Be3 {[%emt 0:00:01]} Bxe3 {[%emt 0:00:04]} 14. Qxe3 {[%emt 0:00:01]} Nf4 {[%emt 0:00:08]} 15. Qf2 {[%emt 0:00:36]} Nc5 {[%emt 0:00:05]} 16. Nxf4 {[%emt 0:00:19]} Qxf4 {[%emt 0:00:13]} 17. Ne2 {[%emt 0:00:09]} Qh6 {[%emt 0:00:09]} 18. b4 {[%emt 0:00:18]} Na4 {[%emt 0:00:08]} 19. f4 {[%emt 0:00:08]} exf4 {[%emt 0:00:29]} 20. Qxf4 {[%emt 0:00:01]} Qg7 {[%emt 0:00:02]} 21. Rb1 {[%emt 0:00:06]} Bd7 {[%emt 0:00:11]} 22. c4 {[%emt 0:00:15]} O-O-O {[%emt 0:00:10]} 23. Bh3 {[%emt 0:00:07]} f5 {[%emt 0:00:23]} 24. Kd2 {[%emt 0:00:14]} Rhe8 {[%emt 0:00:07]} 25. Ng3 {[%emt 0:00:06]} Qc3+ {[%emt 0:00:05]} 26. Kd1 {[%emt 0:00:06]} Qd3+ {[%emt 0:00:14]} 27. Kc1 {[%emt 0:00:05]} Qxc4+ {[%emt 0:00:02]} 28. Kd1 {[%emt 0:00:01]} Qd3+ {[%emt 0:00:01]} 29. Kc1 {[%emt 0:00:00]} Qc3+ {[%emt 0:00:12]} 30. Kd1 {[%emt 0:00:01]} Nb2+ {[%emt 0:00:01]} 31. Rxb2 {[%emt 0:00:06]} Qxb2 {[%emt 0:00:02]} 32. exf5 {[%emt 0:00:02]} Ba4# {[%emt 0:00:11] Qd4} 0-1

[Event "11th LCC Super Blitz 2019"]
[Site "London"]
[Date "2019.12.08"]
[Round "8.4"]
[White "Zulfic, Fedja"]
[Black "Cox, John J"]
[Result "1-0"]
[WhiteElo "2032"]
[BlackElo "2346"]
[Annotator "NA"]
[PlyCount "69"]
[EventDate "2019.12.08"]
[EventType "swiss"]
[EventCountry "ENG"]
[SourceTitle "playchess.com"]
[Source "ChessBase"]
[SourceQuality "1"]
[TimeControl "180+2"]

1. d4 {[%emt 0:00:00]} Nf6 {[%emt 0:00:04]} 2. Nf3 {[%emt 0:00:00]} c5 {[%emt 0:00:01]} 3. d5 {[%emt 0:00:03]} e6 {[%emt 0:00:03]} 4. c4 {[%emt 0:00:01]} exd5 {[%emt 0:00:01]} 5. cxd5 {[%emt 0:00:01]} d6 {[%emt 0:00:01]} 6. Nc3 {[%emt 0:00:02]} g6 {[%emt 0:00:00]} 7. h3 {[%emt 0:00:01]} Bg7 {[%emt 0:00:02]} 8. e4 {[%emt 0:00:02]} a6 {[%emt 0:00:02]} 9. a4 {[%emt 0:00:02]} Nbd7 10. Bf4 {[%emt 0:00:12]} Qe7 {[%emt 0:00:21]} 11. Bd3 {[%emt 0:00:09]} Nh5 {[%emt 0:00:01]} 12. Bh2 {[%emt 0:00:11]} Ne5 {[%emt 0:00:01]} 13. Be2 {[%emt 0:00:09]} Rb8 {[%emt 0:00:18]} 14. O-O {[%emt 0:00:02]} Nxf3+ {[%emt 0:00:11]} 15. Bxf3 {[%emt 0:00:02]} Nf6 {[%emt 0:00:01]} 16. e5 {[%emt 0:00:18]} dxe5 {[%emt 0:00:14]} 17. Bxe5 {[%emt 0:00:02]} Ra8 {[%emt 0:00:08]} 18. d6 {[%emt 0:00:13]} Qd8 {[%emt 0:00:01]} 19. Nd5 {[%emt 0:01:20]} O-O {[%emt 0:00:07]} 20. Ne7+ {[%emt 0:00:04]} Kh8 {[%emt 0:00:02]} 21. Rc1 {[%emt 0:00:04]} Nd7 {[%emt 0:00:18]} 22. Bxg7+ {[%emt 0:00:06]} Kxg7 {[%emt 0:00:01]} 23. Qb3 {[%emt 0:00:10]} Rb8 {[%emt 0:00:13]} 24. Rfd1 {[%emt 0:00:02]} Ne5 {[%emt 0:00:41]} 25. Qc3 {[%emt 0:00:01]} f6 {[%emt 0:00:03]} 26. Be2 {[%emt 0:00:08]} Bd7 {[%emt 0:00:06]} 27. f4 {[%emt 0:00:02]} Nf7 {[%emt 0:00:07]} 28. g4 {[%emt 0:00:04]} Bxa4 {[%emt 0:00:01]} 29. g5 {[%emt 0:00:02]} Nxd6 {[%emt 0:00:16]} 30. gxf6+ {[%emt 0:00:14]} Rxf6 {[%emt 0:00:14]} 31. Nd5 {[%emt 0:00:02]} Bxd1 {[%emt 0:00:01]} 32. Rxd1 {[%emt 0:00:01]} Ne4 {[%emt 0:00:18]} 33. Qe5 {[%emt 0:00:01]} Ng3 {[%emt 0:00:01]} 34. Bc4 {[%emt 0:00:05]} Nf5 {[%emt 0:00:03]} 35. Bb3 {[%emt 0:00:06]} 1-0